MARC

LEADER 00000nam0a2200000 4500
001 300963
005 20231102001344.0
020 |a RU  |b 83-20564 
035 |a (RuTPU)RU\TPU\book\326116 
090 |a 300963 
100 |a 20150721d1983 km y0rusy5003 ca 
101 0 |a rus 
102 |a RU 
105 |a a z 001zy 
200 1 |a Иконика. Теория и методы обработки изображений  |e [сборник статей]  |f Академия наук СССР (АН СССР), Институт проблем передачи информации (ИППИ) ; под ред. Д. С. Лебедев, Н. Р. Поповой 
210 |a Москва  |c Наука  |d 1983 
215 |a 154 с.  |c ил. 
320 |a Библиография в конце статей 
606 1 |a Иконика  |2 stltpush  |3 (RuTPU)RU\TPU\subj\12374  |9 39169 
610 1 |a изображения 
610 1 |a цифровая обработка 
610 1 |a теория 
610 1 |a методы 
610 1 |a эвристическое программирование 
610 1 |a математическое обеспечение 
610 1 |a аппаратное обеспечение 
610 1 |a алгоритмы 
675 |a 621.397.3  |z rus  |v 3 
702 1 |a Лебедев  |b Д. С.  |g Дмитрий Савельевич  |4 340 
702 1 |a Попова  |b Н. Р.  |4 340 
712 0 2 |a Академия наук СССР (АН СССР)  |b Институт проблем передачи информации (ИППИ)  |c (Москва)  |2 stltpush  |3 (RuTPU)RU\TPU\col\12444 
801 0 |a RU  |b RuMRKP  |c 19950704  |g psbo 
801 1 |a RU  |b 63413507  |c 20150721 
801 2 |a RU  |b 63413507  |c 20190208  |g RCR 
942 |c BK